000 00445nam a2200169Ia 4500
003 GCL
008 140319s9999 xx 000 0 ara d
040 _aGCL /
_cGCL
082 0 4 _a813
_bج ا
245 1 0 _aالنزول الى البحر
260 _a[S.N] :
_bدار المستقبل العربى ،
_c1986
300 _a162 ص
490 _a
650 0 4 _aالادب العربى
650 0 4 _aالقصص العربية
942 _2ddc
_cBK
999 _c30769
_d30769